[Event "Keres mem"]
[Site "Rakvere"]
[Date "1993.??.??"]
[Round "5"]
[White "Yermolinsky, Alex"]
[Black "Hodgson, Julian M"]
[Result "1/2-1/2"]
[WhiteElo "2605"]
[BlackElo "2625"]
[PlyCount "97"]
[EventDate "1993.09.??"]
[Source "ChessBase"]

1. Nf3 d6 2. d4 Nf6 3. c4 g6 4. Nc3 Bf5 5. g3 Ne4 6. Nxe4 Bxe4 7. Bh3 Bg7 8. O-O O-O 9. d5 Bxf3 10. exf3 Nd7 11. Re1 Nc5 12. Rb1 a5 13. b3 Re8 14. Bb2 e5 15. dxe6 Nxe6 16. Bxe6 Rxe6 17. Rxe6 fxe6 18. f4 Bxb2 19. Rxb2 Qf6 20. Re2 Kf7 21. Qd3 Re8 22. Kg2 Re7 23. a3 Qa1 24. b4 axb4 25. axb4 b6 26. h4 Qh8 27. Kh2 Qa1 28. h5 Kg7 29. Qe3 Kf7 30. c5 bxc5 31. bxc5 Qd1 32. cxd6 cxd6 33. hxg6+ hxg6 34. Rd2 Qh5+ 35. Kg2 Qc5 36. Qd3 Qc6+ 37. Kg1 Rb7 38. Rd1 Rd7 39. Re1 Qc5 40. Rd1 d5 41. Kg2 d4 42. Qe4 Qd5 43. Qxd5 Rxd5 44. Kf3 e5 45. fxe5 Ke6 46. Kf4 d3 47. Ke4 Rxe5+ 48. Kxd3 Kf5 49. f3 1/2-1/2

[Event "It"]
[Site "?"]
[Date "2005.08.10"]
[Round "7"]
[White "Efimenko Zahar"]
[Black "Nataf Igor-Alexandre"]
[Result "1-0"]
[WhiteElo "2643"]
[BlackElo "2583"]
[PlyCount "103"]
[EventDate "2005.??.??"]
[Source "www.chesslib.no"]
[SourceDate "2004.05.04"]

1. d4 Nf6 2. Nf3 g6 3. c4 Bg7 4. Nc3 O-O 5. Bg5 c5 6. d5 d6 7. e3 Bf5 8. Nd2 h6 9. Bh4 Qb6 10. Qc1 Na6 11. a3 g5 12. Bg3 Nh5 13. Be2 Nxg3 14. hxg3 e6 15. O-O Bg6 16. Bf3 Nc7 17. g4 exd5 18. cxd5 Bd3 19. Rd1 Nb5 20. Nce4 Qa6 21. Ng3 Nc7 22. Be4 Be2 23. Nxe2 Qxe2 24. Bf3 Qb5 25. Nc4 Qd7 26. Qc2 b5 27. Na5 f5 28. gxf5 Qxf5 29. Be4 Qf6 30. Rd2 g4 31. g3 h5 32. Nc6 Bh6 33. Kg2 Ne8 34. Rh1 Ng7 35. b4 c4 36. Nd4 a5 37. Nxb5 axb4 38. axb4 Rac8 39. Nd4 c3 40. Re2 Rce8 41. Ne6 Rf7 42. Qd3 Rc8 43. Nxg7 Kxg7 44. Rxh5 Rfc7 45. Rc2 Rc4 46. b5 Bg5 47. b6 Rb4 48. b7 Rc5 49. Rh7+ Kg8 50. Ra2 Bh6 51. Ra8+ Bf8 52. Bf5 1-0

[Event "Mariehamn/Oesteraker"]
[Site "?"]
[Date "1997.??.??"]
[Round "?"]
[White "Gurevich, M."]
[Black "Fedorov, A."]
[Result "1/2-1/2"]
[WhiteElo "2620"]
[BlackElo "2600"]
[PlyCount "61"]
[EventDate "1997.??.??"]
[Source "ChessBase"]
[SourceDate "1997.06.01"]

1. d4 Nf6 2. c4 g6 3. Nc3 Bg7 4. Bg5 d6 5. e3 O-O 6. Be2 c5 7. Nf3 h6 8. Bh4 g5 9. Bg3 Nh5 10. dxc5 Nxg3 11. hxg3 dxc5 12. Qc2 e6 13. g4 Nc6 14. a3 a6 15. Nd2 Rb8 16. g3 b5 17. Nce4 b4 18. a4 b3 19. Nxb3 Nb4 20. Qb1 Bb7 21. O-O Bxe4 22. Qxe4 Qc7 23. Rad1 Bxb2 24. Bd3 Nxd3 25. Rxd3 Rfd8 26. Rfd1 Rxd3 27. Rxd3 Kf8 28. Nd2 Bc1 29. Nb3 Bb2 30. Nd2 Bc1 31. Nb3 1/2-1/2

[Event "Lviv"]
[Site "?"]
[Date "2000.??.??"]
[Round "?"]
[White "Beliavsky, A."]
[Black "Romanishin, O."]
[Result "1-0"]
[WhiteElo "2640"]
[BlackElo "2575"]
[PlyCount "123"]
[EventDate "2000.??.??"]
[Source "Chess Informant"]
[SourceDate "2000.06.01"]

1. Nf3 Nf6 2. c4 d6 3. Nc3 g6 4. d4 Bf5 5. Nh4 Bd7 6. e4 e5 7. Nf3 exd4 8. Nxd4 Bg7 9. Be2 O-O 10. O-O Nc6 11. Be3 a6 12. Nxc6 Bxc6 13. f3 Qe8 14. Rc1 Rc8 15. b4 b6 16. Re1 Bb7 17. Bf1 Qe6 18. Qd2 Rfe8 19. a3 Nd7 20. Nd5 Nf6 21. Rc2 Nxd5 22. cxd5 Qd7 23. Rec1 b5 24. Bd4 f5 25. exf5 gxf5 26. Qg5 Bxd5 27. Bd3 Be6 28. Bxg7 Qxg7 29. Qxg7+ Kxg7 30. Rxc7+ Kf6 31. R7c6 Red8 32. Kf2 h6 33. Ke3 Ke5 34. f4+ Kf6 35. Kd4 Ke7 36. R1c3 h5 37. Be2 h4 38. Rxa6 Rxc3 39. Kxc3 Rg8 40. Bf3 Bc4 41. Ra8 Rg6 42. a4 h3 43. g3 Re6 44. axb5 Bxb5 45. Kd2 Bf1 46. Ra3 Bg2 47. Be2 d5 48. b5 d4 49. Bc4 Rd6 50. Ra7+ Kd8 51. Ra6 Rd7 52. Rf6 Bd5 53. Bd3 Be4 54. b6 Ke7 55. Rh6 Rd8 56. b7 Rb8 57. Ba6 Kd7 58. Rxh3 Kc7 59. Rh6 Rd8 60. Rg6 Kb8 61. h4 Ka7 62. h5 1-0

[Event "Cutro 75/490"]
[Site "?"]
[Date "1999.??.??"]
[Round "?"]
[White "Krasenkow, Michal"]
[Black "Romanishin, Oleg M"]
[Result "1-0"]
[WhiteElo "2643"]
[BlackElo "2572"]
[PlyCount "79"]
[EventDate "1999.??.??"]
[Source "ChessBase"]
[SourceDate "1999.02.01"]

1. Nf3 Nf6 2. c4 d6 3. d4 g6 4. Nc3 Bf5 5. Qb3 Qc8 6. g3 Bg7 7. Bg2 Nc6 8. d5 Nd8 9. O-O O-O 10. Re1 Ne4 11. Nxe4 Bxe4 12. Qe3 f5 13. Bh3 e6 14. Qb3 c6 15. dxe6 Nxe6 16. Be3 d5 17. Nd2 dxc4 18. Nxc4 Bd5 19. Bg2 f4 20. gxf4 Nxf4 21. Bxf4 Rxf4 22. Bxd5+ cxd5 23. Ne3 Kh8 24. Nxd5 Rg4+ 25. Kh1 Qe6 26. f4 Rf8 27. e4 g5 28. f5 Qe5 29. Qf3 Rh4 30. Re2 g4 31. Qf4 Qxf4 32. Nxf4 Be5 33. Nd3 Bb8 34. Nc5 Rc8 35. Nd7 Bf4 36. e5 g3 37. e6 Rxh2+ 38. Rxh2 gxh2 39. f6 Bd6 40. Rd1 1-0

[Event "60th ch-RUS Higher League"]
[Site "Krasnoyarsk RUS"]
[Date "2007.09.05"]
[Round "3"]
[White "Dreev, A."]
[Black "Amonatov, F."]
[Result "1/2-1/2"]
[WhiteElo "2606"]
[BlackElo "2598"]
[PlyCount "39"]
[EventDate "2007.09.03"]
[Source "www.chesslib.no"]
[SourceDate "2004.05.04"]

1. d4 Nf6 2. c4 g6 3. Nc3 Bg7 4. Nf3 d6 5. e3 O-O 6. Be2 c5 7. O-O cxd4 8. exd4 Bg4 9. h3 Bxf3 10. Bxf3 Nc6 11. Be3 Nd7 12. Qd2 Rc8 13. Rad1 a6 14. Rfe1 Re8 15. Nd5 Nf6 16. Nb4 a5 17. Nc2 d5 18. b3 a4 19. Nb4 axb3 20. axb3 1/2-1/2

[Event "World Cup"]
[Site "Khanty-Mansiysk RUS"]
[Date "2007.11.25"]
[Round "1.2"]
[White "Bu Xiangzhi"]
[Black "Kabanov, N."]
[Result "1-0"]
[WhiteElo "2692"]
[BlackElo "2512"]
[PlyCount "85"]
[EventDate "2007.11.24"]
[Source "www.chesslib.no"]
[SourceDate "2004.05.04"]

1. Nf3 g6 2. c4 Bg7 3. d4 d6 4. Nc3 Bg4 5. e3 Nf6 6. Be2 O-O 7. O-O Nc6 8. h3 Bxf3 9. Bxf3 Nd7 10. Qc2 e5 11. dxe5 Ndxe5 12. Be2 Re8 13. b3 f5 14. Bb2 a5 15. Rad1 Nb4 16. Qd2 Qe7 17. Rfe1 Kh8 18. a3 Na6 19. Nd5 Qf7 20. Qxa5 c6 21. Nb6 Rad8 22. Na4 f4 23. exf4 Qxf4 24. Qd2 Qh4 25. f4 Nf7 26. Bg4 Nc7 27. Bxg7+ Kxg7 28. Qc3+ Kg8 29. Nb6 Rxe1+ 30. Rxe1 Re8 31. Rxe8+ Nxe8 32. Qe3 Ng7 33. Bc8 Nd8 34. Kh2 Kf7 35. a4 Nh5 36. a5 Qf6 37. Bxb7 Qa1 38. a6 Qa5 39. b4 Qa2 40. Nc8 Ne6 41. a7 Nhxf4 42. Bxc6 d5 43. Qf3 1-0

[Event "EuTCh"]
[Site "Plovdiv"]
[Date "2003.10.15"]
[Round "5"]
[White "Agrest, Evgenij"]
[Black "Kozul, Zdenko"]
[Result "1/2-1/2"]
[WhiteElo "2605"]
[BlackElo "2597"]
[PlyCount "49"]
[EventDate "2003.10.10"]
[Source "Roberto Alvarez"]
[SourceDate "2003.10.20"]

1. d4 Nf6 2. c4 g6 3. Nc3 Bg7 4. Nf3 O-O 5. Bg5 d6 6. e3 c5 7. d5 h6 8. Bh4 g5 9. Bg3 Nh5 10. Qc2 Re8 11. Be2 Nxg3 12. hxg3 e6 13. Nd2 exd5 14. Nxd5 Nc6 15. Rd1 Rb8 16. Ne4 a6 17. a3 Be6 18. Nxd6 Nd4 19. Rxd4 cxd4 20. Nxe8 Qxe8 21. Nc7 Qc6 22. Nxe6 Qxe6 23. e4 Re8 24. O-O Qxe4 25. Qxe4 1/2-1/2

[Event "Tilburg"]
[Site "Tilburg"]
[Date "1992.??.??"]
[Round "2"]
[White "Kortschnoj, Viktor"]
[Black "Christiansen, Larry Mark"]
[Result "1-0"]
[WhiteElo "2575"]
[BlackElo "2625"]
[PlyCount "69"]
[EventDate "1992.10.??"]
[Source "ChessBase"]

1. d4 d6 2. Nf3 Nf6 3. c4 g6 4. Nc3 Bf5 5. d5 Bg7 6. Nd4 Bd7 7. e4 c6 8. Be2 Na6 9. O-O Nc5 10. Bf3 O-O 11. Nb3 Nxb3 12. axb3 a6 13. Be3 Qc7 14. Re1 Rfe8 15. Rc1 Rad8 16. Bf4 cxd5 17. exd5 Qa5 18. Bd2 Qb6 19. Be3 Qb4 20. Ra1 e6 21. Na4 Qxe1+ 22. Qxe1 exd5 23. Qd1 dxc4 24. bxc4 b5 25. Nc3 b4 26. Nd5 Nxd5 27. Bxd5 Bxb2 28. Rxa6 Be6 29. Ra7 Bc3 30. Bxe6 Rxe6 31. c5 b3 32. Qxb3 dxc5 33. g3 Bd4 34. Qb7 Rf6 35. Qe7 1-0

[Event "Hoogovens"]
[Site "Wijk aan Zee"]
[Date "1982.??.??"]
[Round "?"]
[White "Hort, Vlastimil"]
[Black "Timman, Jan H"]
[Result "1/2-1/2"]
[WhiteElo "2590"]
[BlackElo "2605"]
[PlyCount "80"]
[EventDate "1982.01.??"]
[Source "ChessBase"]

1. d4 Nf6 2. c4 c5 3. e3 g6 4. Nf3 Bg7 5. Nc3 O-O 6. Be2 cxd4 7. Nxd4 d5 8. cxd5 Nxd5 9. Nxd5 Qxd5 10. O-O Nc6 11. Bf3 Qc5 12. Nxc6 bxc6 13. Qa4 Rb8 14. Qxc6 Qxc6 15. Bxc6 Be6 16. Ba4 Rfc8 17. h3 Rc7 18. Rd1 h5 19. Kf1 Bf6 20. Ke1 Kg7 21. Rd2 g5 22. Rc2 Rxc2 23. Bxc2 Bxb2 24. Rb1 Bc3+ 25. Bd2 Bxd2+ 26. Kxd2 Rd8+ 27. Ke1 Rc8 28. Rb2 h4 29. Kd2 Kf6 30. Bb3 Bf5 31. Bc2 Bxc2 32. Rxc2 Rxc2+ 33. Kxc2 Ke5 34. f3 Kd5 35. Kd3 a6 36. a3 f5 37. Kc3 e6 38. Kd3 e5 39. e4+ fxe4+ 40. fxe4+ Kc5 1/2-1/2

[Event "Saitek US Masters"]
[Site "Hawaii"]
[Date "1998.07.27"]
[Round "7"]
[White "Gulko, Boris F"]
[Black "Rogers, Ian"]
[Result "1/2-1/2"]
[WhiteElo "2585"]
[BlackElo "2605"]
[PlyCount "66"]
[EventDate "1998.07.??"]
[Source "www.chesslib.no"]
[SourceDate "2004.05.04"]

1. c4 Nf6 2. Nc3 d6 3. d4 g6 4. Bg5 Bg7 5. e3 O-O 6. Bd3 c5 7. d5 a6 8. a4 Qa5 9. Nge2 e6 10. O-O exd5 11. cxd5 Nbd7 12. e4 Re8 13. Ng3 Ne5 14. Be2 Qb4 15. Qc2 Bg4 16. Na2 Qb6 17. f3 Bd7 18. Be3 Qa5 19. Nc3 Qb4 20. Rfb1 b5 21. Nf1 Nc4 22. Bf2 Na5 23. axb5 axb5 24. Nd2 Nh5 25. Kh1 Reb8 26. Ra3 Bd4 27. Be1 c4 28. Rba1 Bb6 29. Nd1 Ra7 30. Qc3 Qxc3 31. bxc3 Rba8 32. Bf2 Bxf2 33. Nxf2 Kf8 1/2-1/2

[Event "Politiken Cup 24th"]
[Site "Copenhagen"]
[Date "2002.07.24"]
[Round "9"]
[White "Epishin, Vladimir"]
[Black "Volokitin, Andrei"]
[Result "1-0"]
[WhiteElo "2643"]
[BlackElo "2545"]
[PlyCount "75"]
[EventDate "2002.07.15"]
[Source "ChessBase"]
[SourceDate "2002.09.11"]

1. d4 d6 2. Nf3 g6 3. c4 Nf6 4. Nc3 Bf5 5. e3 Bg7 6. Be2 O-O 7. O-O c5 8. b3 Nc6 9. Bb2 Ne4 10. Rc1 Qa5 11. Bd3 Nxc3 12. Bxc3 Qa3 13. Bxf5 gxf5 14. Rc2 Rad8 15. d5 Nb4 16. Bxg7 Kxg7 17. Rd2 Qa5 18. e4 fxe4 19. Ng5 f5 20. Ne6+ Kh8 21. f3 Rf6 22. Nxd8 Qxd8 23. fxe4 fxe4 24. Rxf6 exf6 25. Qg4 Nd3 26. Qxe4 Ne5 27. Rf2 Kg7 28. Qf5 Ng6 29. Rf3 Qe7 30. Qe6 Qd8 31. h3 Nf8 32. Rg3+ Ng6 33. h4 f5 34. h5 Qh4 35. Qd7+ Kh6 36. Qxd6 Qd4+ 37. Kh2 Qh4+ 38. Rh3 1-0

[Event "Catalunya Team Ch"]
[Site "Catalunya"]
[Date "1996.??.??"]
[Round "?"]
[White "Garcia Ilundain, David"]
[Black "Illescas Cordoba, Miguel"]
[Result "1-0"]
[WhiteElo "2550"]
[BlackElo "2635"]
[PlyCount "81"]
[EventDate "1996.??.??"]
[Source "www.chesslib.no"]
[SourceDate "2004.05.04"]

1. d4 Nf6 2. Nf3 g6 3. c4 Bg7 4. Nc3 O-O 5. Bg5 d6 6. h3 Nbd7 7. e3 e5 8. Be2 Re8 9. O-O h6 10. Bh4 e4 11. Nd2 g5 12. Bg3 Nf8 13. Rc1 Bf5 14. Nb3 Bg6 15. Na5 Rb8 16. b4 a6 17. c5 d5 18. c6 b6 19. Nb7 Qe7 20. Qb3 Ra8 21. Nxd5 Nxd5 22. Qxd5 Kh8 23. Qb3 f5 24. d5 Bf7 25. d6 Qf6 26. Bc4 Bxc4 27. Qxc4 f4 28. d7 fxg3 29. fxg3 Qe5 30. dxe8=Q Rxe8 31. Qf7 Re7 32. Qf2 Ne6 33. Rcd1 Re8 34. Rd7 Qc3 35. Kh1 Qxc6 36. Qf7 Rg8 37. Re7 Qxb7 38. Qxe6 Qc8 39. Qg6 Qd8 40. Rff7 Qd6 41. Re6 1-0

[Event "Garmisch"]
[Site "Garmisch"]
[Date "1994.??.??"]
[Round "4"]
[White "Bischoff, Klaus"]
[Black "Jussupow, Artur"]
[Result "1-0"]
[WhiteElo "2525"]
[BlackElo "2655"]
[PlyCount "91"]
[EventDate "1994.??.??"]
[Source "ChessBase"]

1. c4 e5 2. g3 d6 3. Bg2 g6 4. d4 Nd7 5. Nc3 Bg7 6. e3 Ngf6 7. Nge2 O-O 8. b3 Re8 9. Bb2 c6 10. h3 h5 11. Qc2 Qe7 12. Rd1 Nf8 13. c5 exd4 14. cxd6 Qxd6 15. Nxd4 Qe7 16. O-O N8h7 17. Nce2 Ng5 18. Nf4 Bd7 19. Rc1 Rad8 20. a3 Nge4 21. b4 a5 22. Nd3 axb4 23. axb4 Nd5 24. Rfe1 Bc8 25. b5 cxb5 26. Nxb5 Bxb2 27. Qxb2 Ndf6 28. Nd4 Rd5 29. Rc2 Rg5 30. h4 Ra5 31. Qb4 Qxb4 32. Nxb4 Bd7 33. Nd3 b6 34. Rb1 Nc5 35. Nf4 Ng4 36. Nd5 Be6 37. Nc7 Rd8 38. Ncxe6 Nxe6 39. Nc6 Rd6 40. Nxa5 bxa5 41. Ra1 a4 42. Bh3 Ne5 43. Bxe6 Rxe6 44. Kg2 Ra6 45. Rca2 Kg7 46. Rxa4 1-0

[Event "NED-chT playoff"]
[Site "Breda"]
[Date "2000.06.02"]
[Round "2"]
[White "Sokolov, Ivan"]
[Black "Nijboer, Friso"]
[Result "1-0"]
[WhiteElo "2637"]
[BlackElo "2540"]
[PlyCount "61"]
[EventDate "2000.06.01"]
[Source "ChessBase"]
[SourceDate "2000.07.11"]

1. d4 Nf6 2. c4 g6 3. Nc3 Bg7 4. Nf3 O-O 5. Bg5 c5 6. d5 h6 7. Bf4 d6 8. e4 b5 9. cxb5 a6 10. Nd2 e6 11. Be2 exd5 12. exd5 axb5 13. Bxb5 Nh5 14. Be3 f5 15. Nf3 Nd7 16. O-O Rb8 17. a4 Ndf6 18. Re1 g5 19. Bd2 Ng4 20. Qe2 Nxf2 21. Qxf2 g4 22. Qh4 Nf6 23. Bxh6 gxf3 24. Bxg7 Kxg7 25. Qg3+ Kf7 26. Qxf3 Rh8 27. h3 Rh4 28. Re2 Nh7 29. Rae1 Ng5 30. Re7+ Kf6 31. Qg3 1-0

[Event "7. Open"]
[Site "?"]
[Date "2005.04.09"]
[Round "6"]
[White "Gagunashvili Merab"]
[Black "Miroshnichenko Evgenij"]
[Result "1-0"]
[WhiteElo "2547"]
[BlackElo "2628"]
[PlyCount "115"]
[EventDate "2005.??.??"]
[Source "www.chesslib.no"]
[SourceDate "2004.05.04"]

1. d4 Nf6 2. c4 g6 3. Nc3 Bg7 4. Nf3 O-O 5. Bg5 d6 6. e3 c5 7. Be2 h6 8. Bh4 Bf5 9. O-O Re8 10. d5 Qb6 11. Na4 Qa5 12. Nd2 Na6 13. Nc3 Qb6 14. Qc1 e5 15. e4 Bd7 16. a3 Nh7 17. Rb1 h5 18. f3 Bh6 19. Bf2 Qd8 20. b4 b6 21. Nb5 Qe7 22. bxc5 Nxc5 23. Nc7 f5 24. Nxa8 Rxa8 25. Qc2 Rc8 26. Nb3 Na4 27. exf5 gxf5 28. Bd3 Rf8 29. Rbe1 Qg7 30. Be3 Bxe3+ 31. Rxe3 f4 32. Bxh7+ Qxh7 33. Qxh7+ Kxh7 34. Re2 Bf5 35. Rc1 h4 36. Kf2 Kg6 37. g3 hxg3+ 38. hxg3 fxg3+ 39. Kxg3 Rc8 40. Nd2 Nc5 41. Rh1 Nd3 42. Reh2 Kg7 43. Ne4 Rg8 44. Rh5 Bg6 45. Rg5 Rd8 46. Rg4 Nf4 47. Kf2 Kf7 48. Ng5+ Kf6 49. Rh6 Rg8 50. Ne6 Kf5 51. Nxf4 exf4 52. Rhh4 Ke5 53. Ke2 Kd4 54. Rxf4+ Kc3 55. Rf6 Bd3+ 56. Ke3 Rd8 57. Rhh6 Bxc4 58. Rxd6 1-0

[Event "Valle d'Aosta op 8th"]
[Site "Saint Vincent"]
[Date "2000.02.20"]
[Round "9"]
[White "Dorfman, Josif D"]
[Black "Romanishin, Oleg M"]
[Result "1-0"]
[WhiteElo "2593"]
[BlackElo "2578"]
[PlyCount "33"]
[EventDate "2000.02.12"]
[Source "ChessBase"]
[SourceDate "2000.03.10"]

1. Nf3 Nf6 2. c4 d6 3. Nc3 Bg4 4. d4 g6 5. e3 Bg7 6. Be2 O-O 7. O-O c5 8. d5 e5 9. e4 Nh5 10. g3 Na6 11. Nh4 Bxe2 12. Qxe2 Nf4 13. gxf4 Qxh4 14. f5 Kh8 15. Kh1 Rg8 16. Rg1 gxf5 17. Bg5 1-0

[Event "EU-ch 1st 30'"]
[Site "Neum"]
[Date "2000.10.03"]
[Round "10"]
[White "Chernin, Alexander"]
[Black "Baklan, Vladimir"]
[Result "1/2-1/2"]
[WhiteElo "2572"]
[BlackElo "2599"]
[PlyCount "83"]
[EventDate "2000.10.02"]
[Source "www.chesslib.no"]
[SourceDate "2004.05.04"]

1. c4 c5 2. g3 Nc6 3. Bg2 g6 4. Nc3 d6 5. e3 Bg7 6. Nge2 Nf6 7. O-O O-O 8. d4 Bd7 9. b3 a6 10. Bb2 Rb8 11. Qd2 b5 12. cxb5 axb5 13. dxc5 dxc5 14. Rfd1 Qb6 15. Nf4 e6 16. Ne4 Nxe4 17. Bxe4 Bxb2 18. Qxb2 Rfd8 19. Qf6 Be8 20. h4 Rxd1+ 21. Rxd1 Rd8 22. Rc1 Rd2 23. h5 Qd8 24. Qxd8 Nxd8 25. Rxc5 Kf8 26. hxg6 hxg6 27. Rc2 Rd1+ 28. Kg2 g5 29. Ne2 f5 30. Ba8 e5 31. Rc5 Rd2 32. Nc1 Nf7 33. Bc6 Bxc6+ 34. Rxc6 Ke7 35. a4 bxa4 36. bxa4 g4 37. a5 Ng5 38. a6 Nf3 39. Nb3 Ra2 40. Kf1 e4 41. Rc1 Rxa6 42. Nd4 1/2-1/2

[Event "Sarajevo Bosnia"]
[Site "Sarajevo"]
[Date "2003.05.22"]
[Round "5"]
[White "Kasimdzhanov, Rustam"]
[Black "Dizdarevic, Emir"]
[Result "1-0"]
[WhiteElo "2680"]
[BlackElo "2491"]
[PlyCount "95"]
[EventDate "2003.05.18"]
[Source "ChessBase"]
[SourceDate "2003.09.25"]

1. d4 d6 2. Nf3 Nf6 3. c4 g6 4. Nc3 Bf5 5. d5 Bg7 6. Nd4 Bd7 7. e4 O-O 8. Be2 Na6 9. Be3 c5 10. Ndb5 Bxb5 11. cxb5 Nc7 12. O-O a6 13. bxa6 bxa6 14. f3 Nd7 15. Qd2 Qb8 16. Rac1 Qb7 17. Kh1 Rfb8 18. b3 Qb4 19. Bg5 Bf6 20. Bxf6 Nxf6 21. Qg5 Rd8 22. Bc4 Nb5 23. Ne2 Qa5 24. Ng3 Kh8 25. f4 Ng8 26. Rf2 Rf8 27. Qh4 f6 28. Nf1 Nd4 29. Qg3 Nh6 30. Ne3 Nf7 31. Bd3 Qd8 32. Nc4 a5 33. Qe3 Qb8 34. h3 Kg7 35. Rcf1 Qc7 36. g4 h6 37. Rg1 Rh8 38. e5 Rhg8 39. e6 Nd8 40. Kh2 Nb7 41. a4 Nd8 42. Nd2 Rb8 43. Bc4 Rb4 44. h4 Qb7 45. h5 g5 46. fxg5 hxg5 47. Rg3 Kh6 48. Ne4 1-0

[Event "Dresden (zt) 72/(496)"]
[Site "?"]
[Date "1998.??.??"]
[Round "?"]
[White "Jussupow, Artur"]
[Black "Dizdarevic, Emir"]
[Result "1/2-1/2"]
[WhiteElo "2630"]
[BlackElo "2540"]
[PlyCount "47"]
[EventDate "1998.??.??"]
[Source "ChessBase"]
[SourceDate "1998.02.01"]

1. Nf3 Nf6 2. c4 d6 3. d4 g6 4. Nc3 Bf5 5. h3 Bg7 6. g4 Bc8 7. e4 c5 8. d5 O-O 9. Be3 e6 10. Bd3 exd5 11. exd5 Ne8 12. Qd2 Nd7 13. Bg5 f6 14. Be3 f5 15. gxf5 Nb6 16. Ng5 Bxf5 17. h4 Bxc3 18. Qxc3 Qf6 19. Qxf6 Rxf6 20. Kd2 Ng7 21. Rag1 Re8 22. b3 Nd7 23. Be2 h6 24. Ne6 1/2-1/2

[Event "Las Vegas 71/496"]
[Site "?"]
[Date "1997.??.??"]
[Round "?"]
[White "Gulko, Boris F"]
[Black "Shabalov, Alexander"]
[Result "1-0"]
[WhiteElo "2580"]
[BlackElo "2585"]
[PlyCount "55"]
[EventDate "1997.??.??"]
[Source "ChessBase"]
[SourceDate "1997.10.01"]

1. c4 Nf6 2. Nc3 g6 3. d4 Bg7 4. Bg5 c5 5. e3 d5 6. Nf3 Ne4 7. Bh4 cxd4 8. exd4 Qa5 9. Qb3 O-O 10. cxd5 Bg4 11. Qb5 Qxb5 12. Bxb5 Bxf3 13. gxf3 Nf6 14. O-O a6 15. Ba4 Rd8 16. Rfe1 Kf8 17. Re2 b5 18. Bb3 Ra7 19. Rae1 h6 20. Bg3 Ne8 21. Be5 f6 22. Bg3 f5 23. Re6 Bf6 24. Be5 Ng7 25. Rb6 Nd7 26. Rc6 Ne8 27. d6 Nb8 28. Rc7 1-0

[Event "7. Open"]
[Site "?"]
[Date "2005.04.10"]
[Round "7"]
[White "Adly Ahmed"]
[Black "Motylev Alexander"]
[Result "1/2-1/2"]
[WhiteElo "2484"]
[BlackElo "2680"]
[PlyCount "76"]
[EventDate "2005.??.??"]
[Source "www.chesslib.no"]
[SourceDate "2004.05.04"]

1. d4 Nf6 2. Nf3 c5 3. e3 g6 4. c4 Bg7 5. Nc3 O-O 6. Be2 cxd4 7. Nxd4 d5 8. O-O dxc4 9. Bxc4 a6 10. b3 b5 11. Be2 e5 12. Nf3 Nc6 13. Bb2 e4 14. Nd2 Bb7 15. Rc1 Nb4 16. a4 Nd3 17. Bxd3 exd3 18. axb5 axb5 19. Nf3 Nd5 20. Qd2 Nb4 21. e4 Qd7 22. Na4 bxa4 23. Bxg7 Kxg7 24. Qxb4 axb3 25. Nd2 Ra4 26. Qc3+ Qd4 27. Qxd4+ Rxd4 28. Nxb3 Rb4 29. Nc5 Bxe4 30. f3 Bf5 31. g4 Be6 32. Nxd3 Rd4 33. Nc5 Bd5 34. Kf2 Ra8 35. Rfd1 Ra2+ 36. Kg3 Rdd2 37. Rxd2 Rxd2 38. Rc3 Ra2 1/2-1/2

[Event "Bosna 2001"]
[Site "Sarajevo"]
[Date "2001.05.20"]
[Round "7"]
[White "Sokolov, Ivan"]
[Black "Dizdarevic, Emir"]
[Result "1/2-1/2"]
[WhiteElo "2659"]
[BlackElo "2501"]
[PlyCount "45"]
[EventDate "2001.05.13"]
[Source "ChessBase"]
[SourceDate "2001.09.13"]

1. d4 Nf6 2. c4 d6 3. Nf3 g6 4. Nc3 Bf5 5. h3 Ne4 6. Nxe4 Bxe4 7. Ng5 Bf5 8. e4 Bd7 9. Be3 Bg7 10. Qd2 Na6 11. Be2 c5 12. O-O cxd4 13. Bxd4 Bxd4 14. Qxd4 f6 15. Nf3 Qb6 16. Rfe1 Qxd4 17. Nxd4 Nc5 18. Bf1 a5 19. Rad1 Kf7 20. Re3 Rhd8 21. Ne2 Bc6 22. Nc3 Na4 23. Nxa4 1/2-1/2

[Event "New York"]
[Site "?"]
[Date "1992.??.??"]
[Round "?"]
[White "Psakhis, L."]
[Black "Wolff, P."]
[Result "1-0"]
[WhiteElo "2570"]
[BlackElo "2590"]
[PlyCount "121"]
[EventDate "1992.??.??"]
[Source "ChessBase"]
[SourceDate "1992.06.01"]

1. Nf3 d6 2. d4 Nf6 3. c4 g6 4. Nc3 Bf5 5. Nh4 Bd7 6. e4 e5 7. Nf3 Nc6 8. d5 Ne7 9. c5 Bg7 10. Qb3 Qb8 11. cxd6 cxd6 12. Bb5 O-O 13. a4 Bg4 14. Nd2 Nh5 15. a5 Bc8 16. Nc4 f5 17. Qb4 Rd8 18. f3 f4 19. b3 Bf8 20. Ba3 g5 21. Qxd6 Rxd6 22. Bxd6 Nxd5 23. Bxb8 Nxc3 24. Be8 Rxb8 25. Bxh5 Bc5 26. Nxe5 Bd4 27. Nc4 Be6 28. Kd2 Bg7 29. e5 Nb5 30. Rhd1 Nd4 31. Kc3 Nc6 32. Ra2 b5 33. axb6 Nxe5 34. bxa7 Nxc4+ 35. Rd4 Bxd4+ 36. Kxd4 Rd8+ 37. Kc5 Rc8+ 38. Kd4 Rd8+ 39. Kc3 Nb6 40. Ra6 Nd5+ 41. Kb2 Nc7 42. Rc6 Nb5 43. Rxe6 Nxa7 44. Re8+ Rxe8 45. Bxe8 Kf8 46. Ba4 Ke7 47. Kc3 Kd6 48. Kd4 Nc8 49. Bb5 Ne7 50. Ke4 Nd5 51. Bc4 Ne3 52. g3 fxg3 53. hxg3 Nc2 54. g4 h6 55. Be2 Kc5 56. Ke5 Nb4 57. Kf6 Kd4 58. Kg6 Ke3 59. Bd1 Kf4 60. Kxh6 Nc6 61. Kh5 1-0

[Event "Kazan RUS"]
[Site "?"]
[Date "2005.09.06"]
[Round "4"]
[White "Kharlov Andrei"]
[Black "Khairullin Ildar"]
[Result "1-0"]
[WhiteElo "2619"]
[BlackElo "2538"]
[PlyCount "114"]
[EventDate "2005.??.??"]
[Source "www.chesslib.no"]
[SourceDate "2004.05.04"]

1. c4 Nf6 2. Nc3 g6 3. d4 Bg7 4. Bg5 d6 5. e3 c5 6. d5 h6 7. Bh4 O-O 8. Nf3 e6 9. dxe6 Bxe6 10. Be2 Nc6 11. O-O Qe7 12. e4 g5 13. Bg3 Rad8 14. Nd2 Nd7 15. f4 gxf4 16. Rxf4 Be5 17. Bh4 Bxf4 18. Bxe7 Nxe7 19. Nd5 Bxd5 20. exd5 Ne5 21. Qc2 Be3+ 22. Kh1 f5 23. Rf1 f4 24. Nf3 Nxf3 25. Bxf3 Kg7 26. Qb3 Nf5 27. Qxb7+ Rf7 28. Qa6 Bd4 29. Bh5 Re7 30. g3 Be5 31. gxf4 Bd4 32. Qa3 Kf6 33. Qf3 Rg8 34. Bg4 Ne3 35. Be6 Nxf1 36. Bxg8 Nd2 37. Qg3 Rg7 38. Qh4+ Kf5 39. Be6+ Ke4 40. Bg4 Nxc4 41. h3 Ne3 42. Qg3 Rb7 43. Qf3+ Kd3 44. Bf5+ Kd2 45. Qf2+ Kd1 46. Be4 a5 47. b3 Rf7 48. f5 Rf6 49. Bd3 Rf8 50. a3 Rf7 51. b4 c4 52. Qe2+ Kc1 53. Qe1+ Kb2 54. Be4 Kb3 55. bxa5 c3 56. Qb1+ Kxa3 57. Qd3 Kb2 1-0

[Event "Mind Sports Games - Blitz Ind"]
[Site "Pechino CINA"]
[Date "2008.10.04"]
[Round "3"]
[White "Ghaem Maghami, E."]
[Black "Markos, J."]
[Result "1-0"]
[WhiteElo "2599"]
[BlackElo "2557"]
[PlyCount "93"]
[EventDate "2008.10.04"]
[Source "www.chesslib.no"]
[SourceDate "2004.05.04"]

1. c4 Nf6 2. Nc3 g6 3. g3 Bg7 4. Bg2 O-O 5. d4 c5 6. e3 Nc6 7. Nge2 d6 8. O-O Bg4 9. h3 Bd7 10. b3 e6 11. Bb2 Qe7 12. Qd2 Rfd8 13. Rad1 Be8 14. d5 Nb4 15. e4 e5 16. f4 Nd7 17. a3 Na6 18. Nb5 f6 19. h4 Nf8 20. Nc1 Nc7 21. Nxc7 Qxc7 22. h5 b5 23. fxe5 fxe5 24. h6 Bh8 25. Rf2 Rd7 26. cxb5 Rf7 27. Rxf7 Qxf7 28. Rf1 Qe7 29. a4 Nd7 30. Bh3 Bf6 31. Qf2 Bg5 32. Be6+ Kh8 33. Qh2 Nf6 34. Qf2 Bd7 35. Bxd7 Qxd7 36. Ne2 Qh3 37. Bc1 Bf4 38. Nxf4 exf4 39. Qxf4 Kg8 40. Bb2 Rf8 41. Qxd6 Qxh6 42. Bxf6 Qe3+ 43. Kg2 Qe2+ 44. Rf2 Qxe4+ 45. Kh2 h5 46. Bg5 Re8 47. Rf8+ 1-0